| 000 | 00466nam a2200121Ia 4500 | ||
|---|---|---|---|
| 008 | 220615s9999||||xx |||||||||||||| ||und|| | ||
| 100 | _aPinar Erkekoglu||Belma Kocer-Gumusel | ||
| 245 | 0 | _aBisphenol A Exposure and Health Risks | |
| 546 | _aEnglish[eng] | ||
| 650 | _aLife Sciences||Genetics and Molecular Biology||Chemical Biology||Biochemistry||Bioorganic Chemistry | ||
| 856 | _uhttps://www.intechopen.com/books/bisphenol-a-exposure-and-health-risks | ||
| 942 | _cEB | ||
| 999 |
_c10705 _d10705 |
||